The Code of Civil Procedure, 1908: (Record no. 613302)
[ view plain ]
| 000 -LEADER | |
|---|---|
| fixed length control field | 00405nam a22001337a 4500 |
| 082 ## - DEWEY DECIMAL CLASSIFICATION NUMBER | |
| Classification number | 347.549105 |
| Author Mark | MAL |
| 100 ## - MAIN ENTRY--PERSONAL NAME | |
| Personal name | Malik, Amna Bakhtiyar |
| 245 ## - TITLE STATEMENT | |
| Title | The Code of Civil Procedure, 1908: |
| Remainder of title | (V of 1908) / |
| Statement of responsibility, etc. | Amna Bakhtiyar Malik |
| 260 ## - PUBLICATION, DISTRIBUTION, ETC. | |
| Place of publication, distribution, etc. | Lahore : |
| Name of publisher, distributor, etc. | Irfan Law Book House, |
| Date of publication, distribution, etc. | 2023. |
| 300 ## - PHYSICAL DESCRIPTION | |
| Extent | 677 p. |
| 563 ## - BINDING INFORMATION | |
| Binding note | HB. |
| 650 ## - SUBJECT ADDED ENTRY--TOPICAL TERM | |
| Topical term or geographic name entry element | Law, Code of Civil Procedure, 1908 |
| 942 ## - ADDED ENTRY ELEMENTS (KOHA) | |
| Source of classification or shelving scheme | |
| Koha item type | Book |
| 650 ## - SUBJECT ADDED ENTRY--TOPICAL TERM | |
| -- | 128281 |
| Withdrawn status | Lost status | Source of classification or shelving scheme | Damaged status | Not for loan | Permanent Location | Current Location | Date acquired | Total Checkouts | Total Renewals | Full call number | Barcode | Checked out | Date last seen | Date last checked out | Price effective from | Koha item type |
|---|---|---|---|---|---|---|---|---|---|---|---|---|---|---|---|---|
| NUST Law School (NLS) | NUST Law School (NLS) | 03/13/2025 | 2 | 1 | 347.549105 MAL | NLS-1225 | 05/09/2025 | 04/09/2025 | 04/09/2025 | 03/13/2025 | Book | |||||
| NUST Law School (NLS) | NUST Law School (NLS) | 03/13/2025 | 2 | 347.549105 MAL | NLS-1226 | 10/25/2025 | 09/25/2025 | 09/25/2025 | 03/13/2025 | Book | ||||||
| NUST Law School (NLS) | NUST Law School (NLS) | 03/13/2025 | 2 | 347.549105 MAL | NLS-1227 | 10/24/2025 | 09/24/2025 | 09/24/2025 | 03/13/2025 | Book |
